[Event "26th EUR-ch"]
[Site "Katowice POL"]
[Date "2026.04.15"]
[Round "8.148"]
[White "Kondys, Piotr"]
[Black "Lopez Martinez, Josep Manuel"]
[Result "0-1"]
[WhiteElo "2178"]
[BlackElo "2510"]
[EventDate "2026.04.07"]
[PlyCount "78"]

1.e4 c5 2.Nf3 e6 3.d4 cxd4 4.Nxd4 Nc6 5.Nb5 d6 6.c4 Nf6 7.N1c3 a6 8.Na3 
Be7 9.Be2 O-O 10.O-O b6 11.Be3 Ne5 12.Qb3 Ned7 13.Rfd1 Qc7 14.Rac1 Bb7 15.
f3 Rac8 16.Bf1 Kh8 17.Na4 Nc5 18.Qc2 Nfxe4 19.Nxb6 Qxb6 20.fxe4 Qc6 21.
Bxc5 Qxc5+ 22.Kh1 Qe5 23.Re1 Bh4 24.g3 Bg5 25.Rcd1 f5 26.Bg2 f4 27.Qd3 
Rcd8 28.g4 f3 29.Bxf3 Bf4 30.Re2 Bxh2 31.Bg2 Bf4 32.Nc2 Rf6 33.Nd4 Rh6+ 
34.Kg1 Bh2+ 35.Kh1 Rf8 36.Bh3 Rhf6 37.Bg2 Bg3 38.Bh3 Rf2 39.Bg2 Qf4 0-1

[Event "26th EUR-ch"]
[Site "Katowice POL"]
[Date "2026.04.15"]
[Round "8.149"]
[White "Bachor, Tomasz"]
[Black "Karsay, Pascal"]
[Result "1/2-1/2"]
[WhiteElo "2178"]
[BlackElo "2412"]
[EventDate "2026.04.07"]
[PlyCount "153"]

1.e4 e5 2.Nf3 Nc6 3.Bb5 a6 4.Ba4 Nf6 5.O-O Nxe4 6.d4 Be7 7.Re1 b5 8.Rxe4 
d5 9.Nxe5 Nxe5 10.Rxe5 bxa4 11.Qe2 Be6 12.f4 Kf8 13.Nc3 Bd6 14.Nxa4 Bxe5 
15.fxe5 Qh4 16.Be3 Qg4 17.Qd2 h5 18.h3 Qg3 19.Bf4 Qg6 20.h4 Kg8 21.Nc5 Kh7
22.Rf1 Rhe8 23.a4 Rab8 24.b3 Rb6 25.a5 Rc6 26.b4 Bf5 27.Rf3 f6 28.Rg3 Bg4 
29.Qd3 Qxd3 30.Rxd3 Bf5 31.Rd2 fxe5 32.Bxe5 g5 33.hxg5 Kg6 34.g3 Kxg5 35.
Rh2 Rf8 36.Rf2 Rf7 37.c3 Kg6 38.Kh2 Bc8 39.Rc2 Kh7 40.Ra2 Rg6 41.b5 h4 42.
Rg2 axb5 43.gxh4 Rf3 44.Bxc7 Rxc3 45.Bf4 b4 46.Bg5 b3 47.Kg1 Bf5 48.a6 
Rxc5 49.dxc5 Rxa6 50.Rf2 Bc2 51.Rf7+ Kg6 52.Rb7 d4 53.Kf2 Re6 54.Bc1 d3 
55.c6 Rxc6 56.Ke3 Rc4 57.Kd2 Rxh4 58.Kc3 Rh1 59.Kb2 Kf5 60.Bd2 Ke4 61.Kc3 
Kf3 62.Re7 Kf2 63.Re8 Rb1 64.Rf8+ Ke2 65.Re8+ Kf3 66.Rf8+ Ke4 67.Re8+ Kd5 
68.Rb8 Rf1 69.Rd8+ Ke4 70.Re8+ Kf3 71.Rf8+ Ke2 72.Rxf1 Kxf1 73.Bc1 Ke2 74.
Bg5 Bd1 75.Bc1 Bc2 76.Bg5 Kf3 77.Bc1 1/2-1/2

[Event "26th EUR-ch"]
[Site "Katowice POL"]
[Date "2026.04.15"]
[Round "8.150"]
[White "Rubes, Jan"]
[Black "Sliwicki, Damian"]
[Result "1-0"]
[WhiteElo "2393"]
[BlackElo "2176"]
[EventDate "2026.04.07"]
[PlyCount "85"]

1.d4 Nf6 2.c4 g6 3.g3 Bg7 4.Bg2 d5 5.cxd5 Nxd5 6.Nf3 O-O 7.O-O c6 8.e4 Nb6
9.h3 N8d7 10.Nc3 e5 11.Bg5 f6 12.Qb3+ Kh8 13.Be3 Qe7 14.d5 Re8 15.Rfd1 Bf8
16.a3 Qf7 17.Rac1 Bc5 18.Bxc5 Nxc5 19.Qc2 Na6 20.Bf1 cxd5 21.Nxd5 Nxd5 22.
exd5 Bf5 23.Qa4 e4 24.Nh4 Bd7 25.Qd4 g5 26.Ng2 Bxh3 27.Ne3 Bxf1 28.Kxf1 b6
29.Rc6 Rf8 30.b4 Rae8 31.Ng4 e3 32.Nxe3 Nb8 33.Rc3 Nd7 34.Rc7 Qh5 35.Kg2 
Rxe3 36.Qxe3 Re8 37.Qf3 g4 38.Qf4 Re7 39.d6 Rf7 40.Rxd7 Rxd7 41.Qxf6+ Kg8 
42.Qe6+ Qf7 43.Qxg4+ 1-0

[Event "26th EUR-ch"]
[Site "Katowice POL"]
[Date "2026.04.15"]
[Round "8.151"]
[White "Senel, Hayri Beyhun"]
[Black "Oktem, Ege Tuna"]
[Result "1-0"]
[WhiteElo "2172"]
[BlackElo "2392"]
[EventDate "2026.04.07"]
[PlyCount "91"]

1.e4 e6 2.d4 d5 3.Nd2 a6 4.g3 Nf6 5.Bg2 dxe4 6.Nxe4 Be7 7.Ne2 Nbd7 8.Nxf6+
Bxf6 9.O-O O-O 10.c3 Qe7 11.Nf4 Rd8 12.Re1 Qf8 13.Qe2 c5 14.dxc5 Nxc5 15.
Be3 Bd7 16.Red1 Bb5 17.Qc2 Bc6 18.Bxc6 bxc6 19.Rxd8 Rxd8 20.Rd1 Be7 21.
Rxd8 Qxd8 22.Bxc5 Bxc5 23.Nd3 Bd6 24.Nb4 Bxb4 25.cxb4 Qd5 26.a3 f5 27.Qe2 
Qa2 28.Qxa6 Qb1+ 29.Kg2 Qe4+ 30.Kg1 Qb1+ 31.Qf1 Qxb2 32.Qc4 Kf7 33.Qxc6 
Qxa3 34.b5 Qa4 35.Qb7+ Kf6 36.b6 Qb5 37.h4 f4 38.gxf4 Qb1+ 39.Kh2 Qb2 40.
Kg2 Qb1 41.Qc6 Qd1 42.Qf3 Qb1 43.b7 Qb5 44.Qc3+ Kg6 45.f5+ Kh5 46.Qf3+ 1-0

[Event "26th EUR-ch"]
[Site "Katowice POL"]
[Date "2026.04.15"]
[Round "8.152"]
[White "Shpanko, Nadiia"]
[Black "Svanda, Ondrej"]
[Result "1/2-1/2"]
[WhiteElo "2166"]
[BlackElo "2385"]
[EventDate "2026.04.07"]
[PlyCount "47"]

1.Nf3 Nf6 2.c4 g6 3.d4 Bg7 4.Nc3 O-O 5.e4 d6 6.h3 c6 7.Be3 Na6 8.Bd3 e5 9.
d5 Nh5 10.g4 Nf4 11.Bf1 cxd5 12.Nxd5 Nc5 13.Nd2 Be6 14.b4 Ncd3+ 15.Bxd3 
Nxd3+ 16.Ke2 Nf4+ 17.Nxf4 exf4 18.Bxf4 f5 19.gxf5 gxf5 20.Qb3 fxe4 21.Qg3 
Qe8 22.Rag1 Qh5+ 23.Ke3 Rf7 24.Qg5 1/2-1/2

[Event "26th EUR-ch"]
[Site "Katowice POL"]
[Date "2026.04.15"]
[Round "8.153"]
[White "Nunez Gregoire, Daniel"]
[Black "Tirpan, Ceren"]
[Result "1/2-1/2"]
[WhiteElo "2375"]
[BlackElo "2167"]
[EventDate "2026.04.07"]
[PlyCount "103"]

1.e4 c5 2.Nf3 e6 3.d3 Nc6 4.g3 g6 5.Bg2 Bg7 6.O-O Nge7 7.Re1 d6 8.c3 e5 9.
Be3 O-O 10.Nh4 b6 11.f4 d5 12.Nf3 d4 13.cxd4 exf4 14.gxf4 Nxd4 15.Nxd4 
Bxd4 16.Nc3 Ba6 17.Qd2 Bxe3+ 18.Rxe3 Qd4 19.Ne2 Qg7 20.Qc3 Rad8 21.Qa3 Bc8
22.Rf1 Rfe8 23.Rg3 Rd6 24.e5 Rdd8 25.Qxa7 Nf5 26.Qxb6 f6 27.exf6 Qf7 28.
Be4 c4 29.Bxf5 Bxf5 30.dxc4 Rb8 31.Qc5 Rxe2 32.Qxf5 Rbxb2 33.Qd5 Rxa2 34.
f5 Qxd5 35.cxd5 Kf7 36.fxg6+ hxg6 37.Rh3 Rg2+ 38.Kh1 Rgf2 39.Rg1 Rxf6 40.
Rh7+ Kg8 41.Rd7 Rd2 42.h3 Kf8 43.Rc1 Rf7 44.Rd8+ Ke7 45.Rg8 Rf3 46.Rg7+ 
Kf6 47.Rh7 Rxd5 48.Rc6+ Kg5 49.Kg2 Rf6 50.h4+ Kf5 51.Rc2 Kg4 52.Rc4+ 
1/2-1/2

[Event "26th EUR-ch"]
[Site "Katowice POL"]
[Date "2026.04.15"]
[Round "8.154"]
[White "Zawadzka, Jolanta"]
[Black "Bittner, Titus"]
[Result "1-0"]
[WhiteElo "2324"]
[BlackElo "2162"]
[EventDate "2026.04.07"]
[PlyCount "111"]

1.e4 c5 2.Nf3 g6 3.d4 cxd4 4.Nxd4 Nc6 5.c4 Nf6 6.Nc3 d6 7.f3 Nxd4 8.Qxd4 
Bg7 9.Be3 O-O 10.Qd2 a5 11.b3 a4 12.b4 Be6 13.Rc1 Nd7 14.Be2 a3 15.h4 Rc8 
16.h5 Bxc4 17.hxg6 Bxe2 18.gxh7+ Kh8 19.Kxe2 Ne5 20.Bh6 Bxh6 21.Qxh6 e6 
22.Nb5 Rxc1 23.Rxc1 Ng6 24.Rd1 Qf6 25.Kf1 Qb2 26.Qd2 Qe5 27.Nxd6 Kxh7 28.
Qd4 Qh5 29.Qc5 Qh1+ 30.Qg1 Qh5 31.Qc5 Qh1+ 32.Qg1 Qh5 33.g4 Qe5 34.Rd2 
Qa1+ 35.Kf2 Qc3 36.Qe1 Qxb4 37.Kg3 Kg7 38.Qe3 Rh8 39.Qd4+ Qxd4 40.Rxd4 Rh1
41.Ra4 Rb1 42.Rxa3 Ne5 43.Rb3 Ra1 44.Rb5 Nd3 45.Rxb7 Rxa2 46.Nxf7 Rb2 47.
Rxb2 Nxb2 48.Ne5 Nd1 49.Kf4 Nf2 50.Nc6 Nd3+ 51.Ke3 Nc5 52.Kd4 Nd7 53.Ne5 
Nf8 54.Kc5 Nh7 55.Kd6 Ng5 56.Ke7 1-0

[Event "26th EUR-ch"]
[Site "Katowice POL"]
[Date "2026.04.15"]
[Round "8.155"]
[White "Warchol, Kamil"]
[Black "Witczak, Borys"]
[Result "1-0"]
[WhiteElo "2321"]
[BlackElo "2161"]
[EventDate "2026.04.07"]
[PlyCount "55"]

1.e4 c5 2.Nf3 d6 3.d4 cxd4 4.Nxd4 Nf6 5.Nc3 a6 6.Nb3 e6 7.Be3 b5 8.e5 dxe5
9.Qf3 Nd5 10.O-O-O Bb7 11.Bd3 Qc7 12.Nxd5 exd5 13.Qg3 Nd7 14.Bf5 g6 15.
Bxd7+ Kxd7 16.f4 a5 17.fxe5 a4 18.Nd2 a3 19.Bd4 axb2+ 20.Kb1 Qa5 21.Qb3 
Kc7 22.Rhf1 Bh6 23.Rxf7+ Kb8 24.e6 Rc8 25.Be5+ Ka7 26.Qxd5 Rab8 27.Bxb8+ 
Rxb8 28.Nb3 1-0

[Event "26th EUR-ch"]
[Site "Katowice POL"]
[Date "2026.04.15"]
[Round "8.156"]
[White "Sapocinic, Semion"]
[Black "Karut, Kacper"]
[Result "1-0"]
[WhiteElo "2307"]
[BlackElo "2159"]
[EventDate "2026.04.07"]
[PlyCount "83"]

1.d4 d5 2.c4 e6 3.Nf3 Nf6 4.Nc3 c5 5.cxd5 Nxd5 6.e4 Nxc3 7.bxc3 cxd4 8.
cxd4 Bb4+ 9.Bd2 Bxd2+ 10.Qxd2 O-O 11.Bc4 Nd7 12.O-O b6 13.a4 Bb7 14.Rfe1 
Rc8 15.Bd3 Qc7 16.Ra3 Rfd8 17.a5 h6 18.h3 Qd6 19.Raa1 Qc7 20.a6 Ba8 21.
Rad1 Qc3 22.Qf4 e5 23.Nxe5 Nxe5 24.dxe5 Bc6 25.Be2 Rxd1 26.Rxd1 Ba4 27.Rf1
Bb3 28.Bg4 Re8 29.Rc1 Qxe5 30.Qxe5 Rxe5 31.Rc7 Ra5 32.Rxa7 Bc4 33.Bc8 Bd3 
34.Bb7 Bc4 35.f4 Kh7 36.Kf2 Ra2+ 37.Ke3 Rxg2 38.Bd5 Bxd5 39.exd5 Kg6 40.d6
Kf6 41.d7 Ke7 42.Rb7 1-0

[Event "26th EUR-ch"]
[Site "Katowice POL"]
[Date "2026.04.15"]
[Round "8.157"]
[White "Vainbaum , Moisei"]
[Black "Vasynda, Oleksandr"]
[Result "1/2-1/2"]
[WhiteElo "2159"]
[BlackElo "2306"]
[EventDate "2026.04.07"]
[PlyCount "171"]

1.e4 c5 2.Nf3 d6 3.d4 cxd4 4.Nxd4 Nf6 5.Nc3 a6 6.h3 g6 7.Be3 Bg7 8.Qd2 
Nbd7 9.f3 b5 10.a4 bxa4 11.Rxa4 Nc5 12.Ra3 Qb6 13.Nb3 Nxb3 14.Rxb3 Qc7 15.
Nd5 Nxd5 16.Qxd5 Rb8 17.Rxb8 Qxb8 18.Qc6+ Bd7 19.Qxa6 Bxb2 20.Bd3 Bc3+ 21.
Kf2 O-O 22.h4 Be6 23.h5 Qb4 24.hxg6 hxg6 25.Qa7 Bf6 26.g4 Qb8 27.Qa5 Qb2 
28.Kg2 Rc8 29.Bc1 Qb7 30.Bg5 Bc3 31.Qa3 Bg7 32.Qa5 Bc3 33.Qa3 Bg7 34.Qa5 
Qd7 35.Qe1 Qa7 36.Qh4 Kf8 37.Rb1 Ke8 38.Qh7 Bd4 39.Qh4 Bc4 40.Bxc4 Rxc4 
41.Qh7 Rxc2+ 42.Kh1 Qa2 43.Qg8+ Kd7 44.Rb7+ Rc7 45.Rxc7+ Kxc7 46.Bxe7 Qb1+
47.Kg2 Qg1+ 48.Kh3 Qh1+ 49.Kg3 Qe1+ 50.Kh3 Qf1+ 51.Kh4 Qf2+ 52.Kg5 Be3+ 
53.Kf6 Qxf3+ 54.Kg7 Bd4+ 55.Kf8 Qxg4 56.Kxf7 Qf3+ 57.Kxg6 Qxe4+ 58.Kf7 
Qf5+ 59.Ke8 Qd7+ 60.Kf7 Qf5+ 61.Ke8 Qb5+ 62.Kf7 Qf1+ 63.Ke8 Qb5+ 64.Kf7 
Qb3+ 65.Kf8 Qb8+ 66.Kf7 Qb3+ 67.Kf8 Qb8+ 68.Kf7 Qxg8+ 69.Kxg8 d5 70.Kf7 
Kd7 71.Bb4 Be5 72.Kg6 Ke6 73.Kg5 d4 74.Kg4 Kd5 75.Kf3 Kc4 76.Ba5 d3 77.Ke3
Bc3 78.Bd8 Bb4 79.Bf6 Bc3 80.Bd8 Be1 81.Bf6 Ba5 82.Bg7 Bb4 83.Bf6 Bd6 84.
Kd2 Bf4+ 85.Kd1 Kd5 86.Bg7 1/2-1/2

[Event "26th EUR-ch"]
[Site "Katowice POL"]
[Date "2026.04.15"]
[Round "8.158"]
[White "Tezcan, Alper"]
[Black "Fruebing, Stefan"]
[Result "0-1"]
[WhiteElo "2121"]
[BlackElo "2304"]
[EventDate "2026.04.07"]
[PlyCount "90"]

1.e4 c5 2.Nf3 Nc6 3.d4 cxd4 4.Nxd4 g6 5.Nc3 Bg7 6.Be3 Nf6 7.Bc4 O-O 8.Bb3 
d6 9.f3 Bd7 10.h4 h5 11.Qd2 Rc8 12.O-O-O Ne5 13.Bg5 Rc5 14.g4 hxg4 15.h5 
Nxh5 16.Rxh5 gxh5 17.Nd5 Rxd5 18.Bxd5 Nxf3 19.Nxf3 gxf3 20.e5 Bg4 21.Bh6 
e6 22.Bxg7 Kxg7 23.Bxb7 d5 24.Ba6 f6 25.Re1 Rf7 26.Bd3 fxe5 27.Rxe5 f2 28.
Rg5+ Kh8 29.Bf1 Qf6 30.Kb1 Rg7 31.Rxg7 Kxg7 32.a4 Kf7 33.Qe3 d4 34.Qe4 a5 
35.b4 axb4 36.a5 Bf3 37.Qd3 Bd5 38.Kb2 Qe5 39.a6 Be4 40.Qd2 d3+ 41.Kb3 
dxc2 42.Qd7+ Kg6 43.Qe8+ Kg5 44.Qd8+ Qf6 45.Qd2+ Kh4 0-1

[Event "26th EUR-ch"]
[Site "Katowice POL"]
[Date "2026.04.15"]
[Round "8.159"]
[White "Piddubna, Bozhena"]
[Black "Rybackova, Lucie"]
[Result "1/2-1/2"]
[WhiteElo "2301"]
[BlackElo "2157"]
[EventDate "2026.04.07"]
[PlyCount "97"]

1.d4 Nf6 2.c4 g6 3.Nc3 d5 4.cxd5 Nxd5 5.e4 Nxc3 6.bxc3 Bg7 7.Nf3 O-O 8.Be3
c5 9.Be2 Nc6 10.O-O cxd4 11.cxd4 Bg4 12.d5 Ne5 13.Nxe5 Bxe2 14.Qxe2 Bxe5 
15.Rab1 b6 16.Rbc1 Qd7 17.Rfd1 Rac8 18.f4 Bg7 19.e5 Rxc1 20.Bxc1 b5 21.Be3
a5 22.d6 Rb8 23.Qc2 exd6 24.Rxd6 Qe8 25.Qc7 Bf8 26.Rf6 Ra8 27.Qb6 Be7 28.
Rc6 Rb8 29.Qc7 Qd8 30.e6 Qxc7 31.Rxc7 Kf8 32.exf7 a4 33.Ra7 Rc8 34.Rb7 b4 
35.f5 gxf5 36.Bh6+ Kxf7 37.Bg5 Re8 38.Bxe7 Rxe7 39.Rxb4 a3 40.Rb3 Ra7 41.
Kf2 Kf6 42.Kf3 Ra4 43.g3 Ke5 44.Ke3 h5 45.Rb5+ Kf6 46.h4 Rg4 47.Kf3 f4 48.
gxf4 Rxh4 49.Kg3 1/2-1/2

[Event "26th EUR-ch"]
[Site "Katowice POL"]
[Date "2026.04.15"]
[Round "8.160"]
[White "Vegh, Endre"]
[Black "Azoulay, Yehonatan"]
[Result "0-1"]
[WhiteElo "2121"]
[BlackElo "2299"]
[EventDate "2026.04.07"]
[PlyCount "108"]

1.d4 Nf6 2.c4 c5 3.d5 b5 4.Qc2 b4 5.e4 d6 6.Nf3 Nbd7 7.Be2 g6 8.O-O Bg7 9.
h3 O-O 10.Bf4 a5 11.Nbd2 a4 12.Rab1 Qc7 13.Rfe1 Bb7 14.Bf1 Ne8 15.Bg3 a3 
16.b3 Bh8 17.Nh4 e5 18.dxe6 fxe6 19.f4 e5 20.f5 g5 21.Nhf3 Bf6 22.Bd3 Nb8 
23.Nf1 Nc6 24.Ne3 Nd4 25.Qd1 Qg7 26.Nh2 Be7 27.Nhg4 h5 28.Nf2 Nf6 29.Nf1 
Kf7 30.Bh2 Rh8 31.Ne3 Rag8 32.Bg3 g4 33.h4 Qf8 34.Kh2 Qd8 35.Rh1 Bf8 36.
Kg1 Bh6 37.Nf1 Qa8 38.Qe1 Bf4 39.Kh2 Rg7 40.Rg1 Qd8 41.Rh1 Rhg8 42.Kg1 
Nf3+ 43.gxf3 gxf3 44.Nh3 Bxg3 45.Nxg3 Rxg3+ 46.Kf1 Nh7 47.Nf2 Qxh4 48.Qe3 
Nf6 49.Ke1 Qf4 50.Qxf4 exf4 51.Rh4 Rg1+ 52.Bf1 Nxe4 53.Nxe4 Bxe4 54.Rd1 
R8g2 0-1

[Event "26th EUR-ch"]
[Site "Katowice POL"]
[Date "2026.04.15"]
[Round "8.161"]
[White "Ilko-Toth, Andras"]
[Black "Lorscheid, Gerhard"]
[Result "1/2-1/2"]
[WhiteElo "2283"]
[BlackElo "2150"]
[EventDate "2026.04.07"]
[PlyCount "81"]

1.d4 d5 2.Nf3 Nf6 3.g3 c6 4.Bg2 Bf5 5.c4 e6 6.Nc3 h6 7.O-O Nbd7 8.Nd2 Be7 
9.e4 dxe4 10.Ndxe4 O-O 11.Nxf6+ Nxf6 12.Be3 Qa5 13.a3 Bg4 14.Qb3 Qa6 15.h3
Bf5 16.Rad1 Rac8 17.Rd2 b6 18.Rfd1 Rfd8 19.Kh2 Bg6 20.d5 cxd5 21.cxd5 exd5
22.Nxd5 Nxd5 23.Bxd5 Bf6 24.Bd4 Bxd4 25.Rxd4 Rf8 26.Be4 Bxe4 27.Rxe4 Rc7 
28.Red4 Qe2 29.R4d2 Qc4 30.Qxc4 Rxc4 31.Rd7 Rc2 32.Kg2 a5 33.b4 axb4 34.
axb4 Rc4 35.b5 Rc5 36.R1d5 Rfc8 37.R7d6 Kf8 38.Rxc5 bxc5 39.b6 Ke7 40.b7 
Rb8 41.Rc6 1/2-1/2

[Event "26th EUR-ch"]
[Site "Katowice POL"]
[Date "2026.04.15"]
[Round "8.162"]
[White "Liskiewicz, Jakub"]
[Black "Zadrapova, Amalie"]
[Result "1-0"]
[WhiteElo "2280"]
[BlackElo "2140"]
[EventDate "2026.04.07"]
[PlyCount "75"]

1.d4 d5 2.c4 dxc4 3.Nf3 Nf6 4.e3 e6 5.Bxc4 c5 6.O-O cxd4 7.exd4 Be7 8.Nc3 
O-O 9.Bf4 a6 10.a3 b5 11.Ba2 Bb7 12.Qd3 b4 13.Ne2 Be4 14.Qe3 Bd5 15.Bb1 
Nc6 16.Ne5 Qb6 17.axb4 Nxb4 18.Qh3 Qb7 19.Nc3 g6 20.Ra3 Nh5 21.Bh6 Ng7 22.
Ng4 f5 23.Ne5 Nc6 24.Nxd5 Bxa3 25.Nf4 Nxe5 26.Bxg7 Kxg7 27.Nxe6+ Kh8 28.
bxa3 Rfe8 29.Nf4 Rab8 30.dxe5 Qxb1 31.Nxg6+ Kg7 32.Nh4 Kh8 33.Nxf5 Rxe5 
34.g4 Qe4 35.Nh6 Qg6 36.Qc3 Re8 37.Re1 Qxh6 38.Rxe5 1-0

[Event "26th EUR-ch"]
[Site "Katowice POL"]
[Date "2026.04.15"]
[Round "8.163"]
[White "Velikic, Adela"]
[Black "Paprocki, Jaroslaw"]
[Result "1-0"]
[WhiteElo "2278"]
[BlackElo "2136"]
[EventDate "2026.04.07"]
[PlyCount "67"]

1.Nf3 Nf6 2.c4 e6 3.Nc3 d5 4.d4 a6 5.cxd5 exd5 6.Bg5 Be6 7.e3 Nbd7 8.Bd3 
Bd6 9.O-O c6 10.Bf4 Qc7 11.Bxd6 Qxd6 12.h3 h6 13.a4 a5 14.Nd2 Nb8 15.f4 
Na6 16.f5 Bd7 17.Bxa6 Rxa6 18.e4 Qb4 19.e5 Qxd4+ 20.Kh1 Nh7 21.e6 fxe6 22.
fxe6 Bxe6 23.Qe2 Kd7 24.Nf3 Qb4 25.Ne5+ Kc7 26.Nf7 Re8 27.Qe5+ Kb6 28.Nd6 
Re7 29.Rf4 d4 30.Rxd4 Qc5 31.Qe3 Qg5 32.Rb4+ Kc7 33.Rxb7+ Kxd6 34.Ne4+ 1-0

[Event "26th EUR-ch"]
[Site "Katowice POL"]
[Date "2026.04.15"]
[Round "8.164"]
[White "Flak, Pawel"]
[Black "Szakmary, Domonkos"]
[Result "1/2-1/2"]
[WhiteElo "2111"]
[BlackElo "2278"]
[EventDate "2026.04.07"]
[PlyCount "88"]

1.d4 Nf6 2.Nf3 b6 3.g3 Bb7 4.Bg2 g6 5.c4 Bg7 6.O-O O-O 7.Nc3 Ne4 8.Qc2 
Nxc3 9.Qxc3 c5 10.Qd2 cxd4 11.Nxd4 Bxg2 12.Kxg2 d5 13.Nb5 a6 14.Na3 d4 15.
b3 e5 16.Nc2 b5 17.Nb4 a5 18.Nd5 Nc6 19.e4 f5 20.Qe2 Nb4 21.f3 fxe4 22.
fxe4 Rxf1 23.Qxf1 Nxd5 24.cxd5 Rc8 25.Qd1 Qf6 26.Bd2 Rf8 27.Qf1 Qb6 28.Qd3
Rc8 29.Rf1 h6 30.h4 b4 31.Qf3 Rf8 32.Qg4 Rxf1 33.Kxf1 Qb5+ 34.Ke1 Qb6 35.
Qf3 Qc5 36.Qd3 Bf8 37.Qa6 Kg7 38.h5 Qd6 39.Qa7+ Be7 40.hxg6 Qf6 41.Qd7 
Kxg6 42.Qh3 Kg7 43.Qf1 Qxf1+ 44.Kxf1 Bg5 1/2-1/2

[Event "26th EUR-ch"]
[Site "Katowice POL"]
[Date "2026.04.15"]
[Round "8.165"]
[White "Hasson Schrager, Shalev"]
[Black "Jarocka, Liwia"]
[Result "1/2-1/2"]
[WhiteElo "2110"]
[BlackElo "2272"]
[EventDate "2026.04.07"]
[PlyCount "105"]

1.e4 e5 2.Nf3 Nc6 3.Bc4 Nf6 4.d3 Bc5 5.c3 O-O 6.O-O d5 7.exd5 Nxd5 8.b4 
Be7 9.Qe2 a6 10.Bb3 Bf6 11.Qe4 Nde7 12.Rd1 Bf5 13.Qe2 Ng6 14.Na3 Qe7 15.
Be3 Rfe8 16.Rac1 a5 17.Nb5 Rad8 18.a3 Rd7 19.Bc4 Nb8 20.bxa5 c6 21.Na7 
Qxa3 22.Ra1 Qe7 23.Qa2 Bg4 24.Rdb1 Bxf3 25.gxf3 e4 26.d4 exf3 27.Qc2 Bg5 
28.Re1 Bxe3 29.fxe3 Qg5+ 30.Kh1 Rxe3 31.Qf2 Rxe1+ 32.Rxe1 Kf8 33.Qxf3 Qxa5
34.Nc8 Qc7 35.Rf1 Nh8 36.Qh5 Kg8 37.Na7 b5 38.Bd3 g6 39.Qg5 Rd5 40.Nxb5 
Qxh2+ 41.Kxh2 Rxg5 42.Nd6 Nd7 43.Bc4 Nb6 44.Bb3 Nd5 45.c4 Ne3 46.Rf3 Ng4+ 
47.Kh3 f5 48.c5+ Kf8 49.d5 Ne5 50.dxc6 Nxf3 51.c7 Ng1+ 52.Kh2 Nf3+ 53.Kh3 
1/2-1/2

[Event "26th EUR-ch"]
[Site "Katowice POL"]
[Date "2026.04.15"]
[Round "8.166"]
[White "Yasmo, Daniil"]
[Black "Zeissel, Andrzej"]
[Result "1-0"]
[WhiteElo "2272"]
[BlackElo "2117"]
[EventDate "2026.04.07"]
[PlyCount "77"]

1.d4 d6 2.e4 Nf6 3.Nc3 e5 4.dxe5 dxe5 5.Qxd8+ Kxd8 6.Bc4 Bb4 7.Bd2 Ke7 8.
Nf3 Nbd7 9.Rd1 Bxc3 10.Bxc3 Nxe4 11.Bxe5 Nxe5 12.Nxe5 Nd6 13.Bd5 f6 14.Nd3
Bf5 15.Kd2 Rae8 16.Kc3 Kd8 17.Nc5 Kc8 18.Rhe1 b6 19.Ne6 Re7 20.Nd4 Rhe8 
21.Rxe7 Rxe7 22.Nc6 Re2 23.Nxa7+ Kd7 24.Bc6+ Ke7 25.Rd2 Re5 26.b4 Be6 27.
a4 Kf7 28.Nb5 Ne4+ 29.Bxe4 Rxe4 30.Rd4 Re2 31.Nxc7 Bf5 32.Rd2 Re1 33.Nd5 
Re6 34.b5 h5 35.Kb4 h4 36.c4 g5 37.f3 Rd6 38.a5 bxa5+ 39.Kxa5 1-0

[Event "26th EUR-ch"]
[Site "Katowice POL"]
[Date "2026.04.15"]
[Round "8.167"]
[White "Marzano, Carlo"]
[Black "Musial, Igor"]
[Result "0-1"]
[WhiteElo "2108"]
[BlackElo "2270"]
[EventDate "2026.04.07"]
[PlyCount "94"]

1.d4 Nf6 2.c4 e6 3.Nc3 Bb4 4.e3 O-O 5.Bd3 d5 6.a3 Bxc3+ 7.bxc3 dxc4 8.Bxc4
c5 9.Ne2 Qc7 10.Bd3 Nc6 11.f4 b6 12.O-O Bb7 13.Ng3 Ne7 14.Qe2 Nf5 15.Nxf5 
exf5 16.Bxf5 Rfe8 17.Bd3 Rac8 18.Bd2 c4 19.Bc2 Be4 20.Bxe4 Rxe4 21.Rf3 
Rce8 22.Qf2 Qd7 23.Qh4 R4e6 24.Rh3 h6 25.Rf1 Qb5 26.f5 Re4 27.Qe1 Rg4 28.
Qc1 Qc6 29.Rhf3 Ree4 30.h3 Rg5 31.R1f2 Qd6 32.Rf4 Qd5 33.R4f3 Qb5 34.Qc2 
Qe8 35.Rf4 Rg3 36.Kh2 Rg5 37.Kh1 Qc6 38.R4f3 Rh5 39.Kg1 Rhh4 40.Be1 Re8 
41.g4 Nxg4 42.hxg4 Rxe3 43.d5 Rxe1+ 44.Rf1 Rxg4+ 45.Kf2 Rxf1+ 46.Kxf1 Qxd5
47.Qe2 Re4 0-1

[Event "26th EUR-ch"]
[Site "Katowice POL"]
[Date "2026.04.15"]
[Round "8.168"]
[White "Karvatskyi, Oleksii"]
[Black "Gajdzica, Maciej"]
[Result "1-0"]
[WhiteElo "2269"]
[BlackElo "2110"]
[EventDate "2026.04.07"]
[PlyCount "45"]

1.e4 e5 2.Nf3 Nc6 3.Nc3 Nf6 4.a3 d5 5.Bb5 d4 6.Ne2 Bd6 7.d3 h6 8.c3 dxc3 
9.bxc3 O-O 10.O-O a6 11.Ba4 Na5 12.Bc2 c5 13.d4 Nc6 14.dxe5 Nxe5 15.Nxe5 
Bxe5 16.f4 Qxd1 17.Rxd1 Bc7 18.e5 Bg4 19.Kf2 Rfe8 20.Be3 g5 21.g3 Nd7 22.
h3 Bxe2 23.Rxd7 1-0

[Event "26th EUR-ch"]
[Site "Katowice POL"]
[Date "2026.04.15"]
[Round "8.169"]
[White "Bochniak, Franciszek"]
[Black "Topencik, Bruno"]
[Result "0-1"]
[WhiteElo "2107"]
[BlackElo "2265"]
[EventDate "2026.04.07"]
[PlyCount "84"]

1.Nf3 d5 2.e3 c5 3.b3 f6 4.d4 cxd4 5.exd4 Nc6 6.Bb2 Bg4 7.Be2 e6 8.O-O Bd6
9.c4 Nge7 10.c5 Bc7 11.Bc3 O-O 12.b4 Ng6 13.g3 Bh3 14.Re1 e5 15.b5 Nce7 
16.dxe5 fxe5 17.Ng5 Bf5 18.Nd2 Kh8 19.Bf1 Qd7 20.Qb3 h6 21.Ngf3 d4 22.Bb4 
Bg4 23.b6 Bb8 24.c6 Qxc6 25.Bg2 Qxb6 26.Nc4 Qf6 27.Bxe7 Nxe7 28.Ncxe5 Bxe5
29.Nxe5 Bf5 30.Qxb7 Rad8 31.Qxa7 Ng6 32.Qa5 Nxe5 33.Qxe5 Qxe5 34.Rxe5 Bc2 
35.Be4 d3 36.Kf1 Rd4 37.a4 Bb3 38.f4 d2 39.Bf3 Rc8 40.Rd1 Rc1 41.Be4 Rxd1+
42.Kf2 Rxe4 0-1

[Event "26th EUR-ch"]
[Site "Katowice POL"]
[Date "2026.04.15"]
[Round "8.170"]
[White "Goderdzishvili, Giga"]
[Black "Blanquet, Camille"]
[Result "1/2-1/2"]
[WhiteElo "2261"]
[BlackElo "2107"]
[EventDate "2026.04.07"]
[PlyCount "98"]

1.c4 e6 2.Nf3 d5 3.g3 d4 4.Bg2 Nc6 5.O-O Nh6 6.e4 dxe3 7.fxe3 Qd3 8.b3 Bc5
9.Ba3 Bxa3 10.Nxa3 Nf5 11.Nb5 Qd8 12.Qe2 h5 13.d4 a6 14.Nc3 h4 15.g4 Nfe7 
16.h3 Ng6 17.Rad1 Qe7 18.Qf2 O-O 19.e4 Bd7 20.e5 f5 21.g5 Nd8 22.Kh1 Rb8 
23.d5 Nf7 24.dxe6 Bxe6 25.Nd5 Bxd5 26.cxd5 Nfxe5 27.d6 cxd6 28.Nd4 f4 29.
Bd5+ Kh8 30.Ne6 Rf5 31.Qe2 f3 32.Qe4 Rf7 33.Rc1 Qd7 34.Rc3 Rc8 35.Rcxf3 
Rxf3 36.Rxf3 Re8 37.Nf4 Nxf4 38.Qxf4 Nxf3 39.Qxf3 Re1+ 40.Kg2 Qe8 41.Kf2 
Ra1 42.Be4 d5 43.g6 Rxa2+ 44.Kf1 Ra1+ 45.Kf2 Ra2+ 46.Kf1 dxe4 47.Qh5+ Kg8 
48.Qd5+ Kf8 49.Qc5+ Kg8 1/2-1/2

[Event "26th EUR-ch"]
[Site "Katowice POL"]
[Date "2026.04.15"]
[Round "8.171"]
[White "Celik, Ali Alper"]
[Black "Bubalovic, Davorin"]
[Result "1-0"]
[WhiteElo "2256"]
[BlackElo "2087"]
[EventDate "2026.04.07"]
[PlyCount "38"]

1.e4 c5 2.Nc3 d6 3.d4 cxd4 4.Qxd4 Nc6 5.Qd2 g6 6.b3 Bg7 7.Bb2 Nf6 8.O-O-O 
O-O 9.f3 Be6 10.g4 Rc8 11.Kb1 a5 12.Nge2 Nd7 13.h4 Qb6 14.Nf4 Nb4 15.h5 
Rfe8 16.hxg6 hxg6 17.Na4 Qc7 18.Bxg7 Qxc2+ 19.Qxc2 Rxc2 1-0

[Event "26th EUR-ch"]
[Site "Katowice POL"]
[Date "2026.04.15"]
[Round "8.172"]
[White "Romanyshyn, Oleh"]
[Black "Ghazarian, Raffi"]
[Result "1/2-1/2"]
[WhiteElo "2255"]
[BlackElo "2079"]
[EventDate "2026.04.07"]
[PlyCount "41"]

1.d4 Nf6 2.Nf3 e6 3.g3 d5 4.Bg2 Be7 5.c4 O-O 6.O-O Nbd7 7.Qc2 a5 8.Rd1 
dxc4 9.Qxc4 b5 10.Qxb5 Ba6 11.Qa4 Bxe2 12.Re1 Nb6 13.Qc2 Bxf3 14.Bxf3 Rc8 
15.Bd2 a4 16.Nc3 Qxd4 17.Rad1 Qc5 18.Rc1 Rfd8 19.Bf4 Qa5 20.Bc6 Nfd5 21.
Nxd5 1/2-1/2

[Event "26th EUR-ch"]
[Site "Katowice POL"]
[Date "2026.04.15"]
[Round "8.173"]
[White "Odabasi, Ruzgar"]
[Black "Podolskyi, Mykhailo"]
[Result "0-1"]
[WhiteElo "2065"]
[BlackElo "2255"]
[EventDate "2026.04.07"]
[PlyCount "80"]

1.d4 d5 2.c4 e6 3.Nc3 c6 4.cxd5 exd5 5.Qc2 Bd6 6.e4 dxe4 7.Qxe4+ Ne7 8.Bc4
Bf5 9.Qh4 O-O 10.Nf3 Qd7 11.O-O h6 12.h3 b5 13.Bb3 a5 14.a3 Na6 15.Be3 
Rae8 16.Ne5 Bxe5 17.dxe5 a4 18.Ba2 Ng6 19.Qg3 Rxe5 20.Rad1 Qc7 21.Ne2 Be6 
22.Bb1 Bc4 23.Rfe1 Rd5 24.Qf3 Ne5 25.Qg3 Rxd1 26.Rxd1 Bxe2 27.Bf4 f6 28.
Re1 Rd8 29.Bxe5 fxe5 30.Qg6 Bc4 31.Qh7+ Kf8 32.Qh8+ Kf7 33.Qh7 Rd6 34.Qf5+
Rf6 35.Qh5+ Kf8 36.Rxe5 Bf7 37.Qe2 Qd6 38.Bf5 Nc7 39.Qe3 Nd5 40.Qg3 Ne7 
0-1

[Event "26th EUR-ch"]
[Site "Katowice POL"]
[Date "2026.04.15"]
[Round "8.174"]
[White "Saraci, Korab"]
[Black "Szente Varga, Fruzsina"]
[Result "1/2-1/2"]
[WhiteElo "2251"]
[BlackElo "2078"]
[EventDate "2026.04.07"]
[PlyCount "66"]

1.e4 c5 2.Nf3 Nc6 3.c3 Nf6 4.e5 Nd5 5.d4 cxd4 6.cxd4 d6 7.Bc4 Nb6 8.Bb5 
dxe5 9.Nxe5 Bd7 10.Nxd7 Qxd7 11.O-O Rd8 12.Nc3 e6 13.Qf3 Be7 14.Qg3 O-O 
15.Rd1 Kh8 16.Bf4 Bd6 17.Rac1 Bxf4 18.Qxf4 a6 19.Bxc6 Qxc6 20.h3 Qd7 21.
Rd3 Rc8 22.Re1 Nd5 23.Qg4 Nf6 24.Qh4 Rfd8 25.b3 Qd6 26.Re5 Qb4 27.Ne4 Rxd4
28.Re3 Nxe4 29.R5xe4 Rxe4 30.Rxe4 Qd6 31.Qg5 h6 32.Qe3 Rd8 33.Rc4 b5 
1/2-1/2